Obálka Náhled e-knihy:
Epub
Pro půjčování e-knih musíte být přihlášeni.
Jak si půjčit online?

Kolo času. Drak Znovuzrozený /

V další knize fantasy ságy z cyklu Kolo času se Rand musí postavit dávné temné věštbě - a vlastnímu osudu.

Uloženo v:
Série:Kolo času, část 3
Hlavní autor: Jordan, Robert, 1948-2007 (Autor)
Další autoři: Krejčová, Dana (Autor)
Médium: E-kniha
Jazyk:Czech
Vydáno: Praha : Euromedia Group, 2023
Vydání:Vydání třetí, v Laseru první
Témata:
Příbuzné jednotky:Z cyklu:: Kolo času
Tagy:
Žádné tagy
LEADER 02471nam a2200493 i 4500
001 311951
003 CZ PrSKC
005 20260601215714.0
007 ta
008 230525s2023 xr g 000 f cze
015 |a cnb003439620 
020 |a 9788024284415  |q (vázáno) 
035 |a (OCoLC)1389729137 
040 |a ABG001  |b cze  |d ABA001  |e rda 
041 1 |a cze  |h eng 
072 7 |a 821.111(73)-3  |x Americká próza  |2 Konspekt 
080 |a 821.111(73)-31  |2 MRF 
080 |a (0:82-312.9)  |2 MRF 
100 1 |a Jordan, Robert,  |d 1948-2007  |7 jn20020422021  |4 aut 
240 1 0 |a Dragon reborn.  |l Česky 
245 1 0 |a Kolo času.  |p Drak Znovuzrozený /  |c Robert Jordan ; přeložila Dana Krejčová 
246 3 0 |a Drak Znovuzrozený 
250 |a Vydání třetí, v Laseru první 
264 1 |a Praha :  |b Euromedia Group,  |c 2023 
300 |a 626 stran, 21 nečíslovaných stran ;  |c 22 cm 
336 |a text  |b txt  |2 rdacontent 
337 |a bez média  |b n  |2 rdamedia 
338 |a svazek  |b nc  |2 rdacarrier 
500 |a "Vydala Euromedia Group, a.s. - v edici Laser"--Tiráž 
500 |a Přeloženo z angličtiny 
520 2 |a V další knize fantasy ságy z cyklu Kolo času se Rand musí postavit dávné temné věštbě - a vlastnímu osudu.  |b Drak Znovuzrozený - dávno předpovězený vůdce, jenž má zachránit svět, a zároveň ho zničit. Zachránce, jenž má zešílet a pobít ty, které miluje, je na útěku před svým osudem. Je schopen se dotknout jediné síly, ale není schopen ji řídit, a jelikož ho tomu nemá kdo naučit - protože to naposledy muži uměli před tisíci lety - Rand al'Thor ví, že se Temnému musí postavit sám. Ale jak? Nakladatelská anotace. 
655 7 |a americké romány  |7 fd131796  |2 czenas 
655 7 |a fantasy romány  |7 fd184199  |2 czenas 
655 9 |a American fiction  |2 eczenas 
655 9 |a fantasy novels  |2 eczenas 
700 1 |a Krejčová, Dana  |7 jn20011018473  |4 trl 
787 0 8 |i Z cyklu:  |t Kolo času  |g 3 
900 |a ABA001  |b 20 
928 9 |a Laser 
928 9 |a Euromedia Group - Laser 
044 |a xr 
910 |a RBIT002 
998 |d 377031  |a https://core.palmknihy.cz/api/books/377031/cover?rv1t5t  |b https://core.palmknihy.cz/api/books/377031/cover/400?rv1t5t  |c https://core.palmknihy.cz/api/books/377031/cover/50?rv1t5t  |e 2027-10-01  |g 648  |i 9788024284415  |j https://core.palmknihy.cz/api/books/377031/preview.epub  |l   |q 49  |r 1  |s https://www.palmknihy.cz/kniha/377031  |t ebook  |y 2023  |z 0  |v Kolo času  |w 3 
999 |d 311949